| 000 | 00661nam a2200217 a 4500 | ||
|---|---|---|---|
| 001 | 64439 | ||
| 003 | BD-RjUL | ||
| 005 | 20211209081317.0 | ||
| 008 | 170214b xxu||||| |||| 00| 0 eng d | ||
| 035 | _a(BD-RjUL)64569 | ||
| 040 |
_aBD-RjUL _beng _cBD-RjUL |
||
| 041 | _aeng | ||
| 082 |
_223 _a823.91 _bMOD 1968 |
||
| 245 | 0 | 0 |
_aModern novelists : _bselected readings from English function / _cPercy Wilson and D. L. B. Hartley |
| 260 |
_aLondon : _bThames and Hudson, _c1968. |
||
| 300 |
_a159 p. ; _c23 cm. |
||
| 600 |
_aHartley, Desmond Levi Bradshaw _9191176 |
||
| 700 |
_aWilson, Percy _9191177 |
||
| 700 |
_aHartley, D. L. B. _9191177 |
||
| 942 |
_2ddc _cBK |
||
| 999 |
_c64439 _d64439 |
||